Miss Scarlet & the Duke. The complete seasons 1-3 ... Read More
Available copies
- 1 of 1 copy available at LARL/NWRL Consortium.
Current holds
0 current holds with 1 total copy.
Show All Copies
| Location | Call Number / Copy Notes | Barcode | Shelving Location | Status | Due Date |
|---|---|---|---|---|---|
| Thief River Falls Public Library | DVD MIS (Text) | 35500006375172 | Main | Available | - |
Record details
- ISBN: 9781531716059
- ISBN: 1531716059
- Physical Description: 6 videodiscs (approximately 15.5 hours) : sound, ... Read More
- Publisher: [Arlington, VA] : PBS Distribution, [2023]
Content descriptions
| General Note: | Originally broadcast as single episodes of a television program in 2020-2023. |
| Formatted Contents Note: | Disc one. Inheritance ; The woman in red ; Deeds ... Read More Disc 1. Episodes 1-3 -- Bonus videos. Disc 2. ... Read More Disc 1. Episodes 1-3. The Vanishing ; Arabella ; ... Read More |
| Creation/Production Credits Note: | Created by Rachel New. |
| Participant or Performer Note: | Kate Phillips, Stuart Martin, Ansu Kabia, Cathy ... Read More |
| Summary, etc.: | Kate Phillips (Peaky Blinders) stars as headstrong ... Read More |
| System Details Note: | DVD; region 1, NTSC; wide screen (16x9), 5.1 ... Read More |
| Language Note: | English audio. English subtitles for the deaf and hard of ... Read More |
| Source of Description Note: | Title from disc surface. |
Search for related items by subject
| Subject: | Women private investigators > England > London > Drama. Murder > Investigation > England > London > Drama. Criminal investigation > England > London > Drama. London (England) > History > 19th century > Drama. Television series |
Search for related items by series
| LDR | 05708ngm a2201129 i 4500 | ||
|---|---|---|---|
| 001 | 424095 | ||
| 003 | LARL_NWRL_CONSORTIUM | ||
| 005 | 20240221181350.0 | ||
| 008 | 230925s2023 vau310 e vleng d | ||
| 040 | . | ‡aRR1 ‡beng ‡erda ‡cRR1 ‡dOCLCO | |
| 020 | . | ‡a9781531716059 | |
| 020 | . | ‡a1531716059 | |
| 024 | 1 | . | ‡a841887047951 |
| 035 | . | ‡a(OCoLC)1399437095 | |
| 082 | 0 | 4. | ‡a791.45/75 ‡223/eng/20231010 |
| 130 | 0 | . | ‡aMiss Scarlet & the Duke (Television program). ‡pThe complete seasons 1-3. |
| 245 | 1 | 0. | ‡aMiss Scarlet & the Duke. ‡pThe complete seasons 1-3 / ‡ca co-production of Element 8 Entertainment and Masterpiece ; in association with Eighty Seven Films, PBS Distribution and Work In Progress ; producers, Erin Delaney, Jim Duggan ; created by Rachael New ; story by Rachael New, Ben Edwards ; written by Rachael New, Ben Edwards, Sarah-Louise Hawkins, Dan Muirden ; directed by Steve Hughes, Rachael New, Ivan Zivkovic. |
| 246 | 3 | . | ‡aMiss Scarlet & the Duke. ‡pSeasons 1-3 |
| 246 | 3 | . | ‡aMiss Scarlet and the Duke. ‡pSeasons one, two and three |
| 257 | . | ‡aGreat Britain ‡2naf | |
| 264 | 1. | ‡a[Arlington, VA] : ‡bPBS Distribution, ‡c[2023] | |
| 300 | . | ‡a6 videodiscs (approximately 15.5 hours) : ‡bsound, color ; ‡c4 3/4 in. | |
| 336 | . | ‡atwo-dimensional moving image ‡btdi ‡2rdacontent | |
| 337 | . | ‡avideo ‡bv ‡2rdamedia | |
| 338 | . | ‡avideodisc ‡bvd ‡2rdacarrier | |
| 340 | . | ‡b4 3/4 in | |
| 340 | . | ‡gpolychrome ‡2rdacc | |
| 341 | 0 | . | ‡aauditory ‡bcaptions |
| 344 | . | ‡adigital ‡2rdatr | |
| 344 | . | ‡boptical ‡2rdarm | |
| 344 | . | ‡gsurround ‡2rdacpc | |
| 344 | . | ‡hDolby digital 5.1 | |
| 345 | . | ‡c16:9 | |
| 345 | . | ‡dwide screen ‡2rdaar | |
| 346 | . | ‡bNTSC ‡2rdabs | |
| 347 | . | ‡avideo file ‡2rdaft | |
| 347 | . | ‡bDVD video | |
| 347 | . | ‡eregion 1 ‡2rdare | |
| 380 | . | ‡aTelevision programs ‡2lcgft | |
| 490 | 0 | . | ‡aMiss Scarlet & the duke ; ‡vSeasons 1-3 |
| 538 | . | ‡aDVD; region 1, NTSC; wide screen (16x9), 5.1 surround. | |
| 532 | 1 | . | ‡aEnglish SDH. |
| 588 | 0 | . | ‡aTitle from disc surface. |
| 511 | 1 | . | ‡aKate Phillips, Stuart Martin, Ansu Kabia, Cathy Belton, Evan McCabe, Simon Ludders, Tim Chipping, Felix Scott. |
| 500 | . | ‡aOriginally broadcast as single episodes of a television program in 2020-2023. | |
| 520 | . | ‡aKate Phillips (Peaky Blinders) stars as headstrong Eliza Scarlet, the first-ever female detective in Victorian London, who won't let naysayers stop her from keeping her father's business running. She consistently spars (and sparks) with her handsome childhood friend, professional colleague, and potential love interest, Scotland Yard Detective Inspector William Wellington (Stuart Martin), a.k.a., The Duke. The series delivers on the kind of historical fiction where a smart woman must work out how to survive and thrive in a time when she had little rights. | |
| 505 | 0 | 0. | ‡gDisc one. ‡tInheritance ; The woman in red ; Deeds not words -- ‡gDisc two. ‡tMemento mori ; Cell 99 ; The case of Henry Scarlet. |
| 505 | 0 | . | ‡aDisc 1. Episodes 1-3 -- Bonus videos. Disc 2. Episodes 4-6 -- Bonus videos. |
| 505 | 0 | 0. | ‡gDisc 1. Episodes 1-3. ‡tThe Vanishing ; ‡tArabella ; ‡tHotel St Marc -- ‡gDisc 2. Episodes 4-6. ‡tBloodline ; ‡tThe heir ; ‡tThe jewel of the North. |
| 508 | . | ‡aCreated by Rachel New. | |
| 546 | . | ‡aEnglish audio. | |
| 546 | . | ‡aEnglish subtitles for the deaf and hard of hearing. | |
| 650 | 0. | ‡aWomen private investigators ‡zEngland ‡zLondon ‡vDrama. | |
| 650 | 0. | ‡aMurder ‡xInvestigation ‡zEngland ‡zLondon ‡vDrama. | |
| 650 | 0. | ‡aCriminal investigation ‡zEngland ‡zLondon ‡vDrama. | |
| 651 | 0. | ‡aLondon (England) ‡xHistory ‡y19th century ‡vDrama. | |
| 650 | 7. | ‡aTelevision series ‡2fast ‡0(LARL_NWRL_CONSORTIUM)32567 | |
| 655 | 0. | ‡aDetective and mystery television programs. ‡0(LARL_NWRL_CONSORTIUM)175785 | |
| 655 | 0. | ‡aHistorical television programs. ‡0(LARL_NWRL_CONSORTIUM)175692 | |
| 655 | 0. | ‡aVideo recordings for the hearing impaired. ‡0(LARL_NWRL_CONSORTIUM)175744 | |
| 655 | 7. | ‡aDrama ‡2fast | |
| 655 | 7. | ‡aDetective and mystery television programs. ‡2lcgft ‡0(LARL_NWRL_CONSORTIUM)175785 | |
| 655 | 7. | ‡aTelevision crime shows. ‡2lcgft ‡0(LARL_NWRL_CONSORTIUM)175791 | |
| 655 | 7. | ‡aHistorical television programs. ‡2lcgft ‡0(LARL_NWRL_CONSORTIUM)175692 | |
| 655 | 7. | ‡aFiction television programs. ‡2lcgft ‡0(LARL_NWRL_CONSORTIUM)175627 | |
| 655 | 7. | ‡aTelevision series. ‡2lcgft ‡0(LARL_NWRL_CONSORTIUM)175797 | |
| 655 | 7. | ‡aVideo recordings for the hearing impaired. ‡2lcgft ‡0(LARL_NWRL_CONSORTIUM)175744 | |
| 700 | 1 | . | ‡aNew, Rachael, ‡ecreator, ‡etelevision director, ‡escreenwriter. |
| 700 | 1 | . | ‡aHughes, Steve ‡c(Television director), ‡etelevision director. |
| 700 | 1 | . | ‡aZivkovic, Ivan, ‡etelevision director. |
| 700 | 1 | . | ‡aEdwards, Ben, ‡escreenwriter. |
| 700 | 1 | . | ‡aHawkins, Sarah-Louise, ‡escreenwriter. |
| 700 | 1 | . | ‡aMuirden, Dan, ‡escreenwriter. |
| 700 | 1 | . | ‡aDelaney, Erin, ‡etelevision producer. |
| 700 | 1 | . | ‡aDuggan, Jim, ‡etelevision producer. |
| 700 | 1 | . | ‡aPhillips, Kate ‡c(Actor), ‡eactor. |
| 700 | 1 | . | ‡aMartin, Stuart, ‡d1986- ‡eactor. |
| 700 | 1 | . | ‡aKabia, Ansu, ‡eactor. |
| 700 | 1 | . | ‡aBelton, Cathy, ‡eactor. |
| 700 | 1 | . | ‡aMcCabe, Evan, ‡eactor. |
| 700 | 1 | . | ‡aLudders, Simon, ‡eactor. |
| 700 | 1 | . | ‡aChipping, Tim, ‡eactor. |
| 700 | 1 | . | ‡aScott, Felix, ‡eactor. |
| 710 | 2 | . | ‡aElement 8 Entertainment (Firm), ‡eproduction company. |
| 710 | 2 | . | ‡aEighty Seven Films (Firm), ‡eproduction company. |
| 710 | 2 | . | ‡aWork in Progress (Firm), ‡eproduction company. |
| 710 | 2 | . | ‡aPBS Distribution (Firm), ‡epublisher. ‡0(LARL_NWRL_CONSORTIUM)216631 |
| 730 | 0 | . | ‡iContained within (work) : ‡aMasterpiece theatre (Television program) |
| 901 | . | ‡a424095 ‡bAUTOGEN ‡c424095 ‡tbiblio | |

Add to basket
Permalink
Disable Highlighting